|
|
|
|
| LEADER |
01719nam a2200493 a 4500 |
| 001 |
nkc20152683257 |
| 003 |
CZ PrNK |
| 005 |
20150416090855.0 |
| 007 |
ta |
| 008 |
150311s2015 xr a e 000 0 cze |
| 015 |
|
|
|a cnb002683257
|
| 020 |
|
|
|a 978-80-904705-0-7
|q (brož.) :
|c Kč 150,00
|
| 035 |
|
|
|a (OCoLC)907532278
|
| 040 |
|
|
|a OLA001
|b cze
|
| 072 |
|
7 |
|a 159.93/.94
|x Senzorické a motorické funkce. Emoce. Vůle
|2 Konspekt
|9 17
|
| 080 |
|
|
|a 159.942.3
|2 MRF
|
| 080 |
|
|
|a 612.219
|2 MRF
|
| 080 |
|
|
|a 159.96
|2 MRF
|
| 080 |
|
|
|a 159.942.4
|2 MRF
|
| 080 |
|
|
|a 177.3
|2 MRF
|
| 080 |
|
|
|a (049)
|2 MRF
|
| 100 |
1 |
|
|a Vráblík, Vlastimil
|7 ola2015863927
|4 aut
|
| 245 |
1 |
0 |
|a Proč se smějeme :
|b psychologie a psychoanalýza humoru, komiky a ironie /
|c Vlastimil Vráblík
|
| 250 |
|
|
|a Vyd. 2.
|
| 260 |
|
|
|a Uherský Brod :
|b ELTISK,
|c 2015
|
| 300 |
|
|
|a 141 s. :
|b il. ;
|c 21 cm
|
| 490 |
1 |
|
|a Edice pro podporu poznání v oblasti humánních věd. 1. řada
|
| 504 |
|
|
|a Obsahuje bibliografii a bibliografické odkazy
|
| 650 |
0 |
7 |
|a smích
|7 ph125726
|2 czenas
|
| 650 |
0 |
7 |
|a smích
|7 ph125726
|x psychoanalytické aspekty
|2 czenas
|
| 650 |
0 |
7 |
|a humor
|7 ph117205
|2 czenas
|
| 650 |
0 |
7 |
|a ironie
|7 ph121191
|2 czenas
|
| 650 |
0 |
9 |
|a laughter
|2 eczenas
|
| 650 |
0 |
9 |
|a laughter
|x psychoanalytical aspects
|2 eczenas
|
| 650 |
0 |
9 |
|a humor
|2 eczenas
|
| 650 |
0 |
9 |
|a irony
|2 eczenas
|
| 655 |
|
7 |
|a pojednání
|7 fd133056
|2 czenas
|
| 655 |
|
9 |
|a essays
|2 eczenas
|
| 830 |
|
0 |
|a Edice pro podporu poznání v oblasti humánních věd
|0 s
|
| 910 |
2 |
|
|a BOA001
|b 2-1345.044
|
| 990 |
|
|
|a BK
|
| 995 |
|
|
|a 01
|
| 991 |
|
|
|b 201504
|c NOV
|e n
|
| 996 |
6 |
|
|b 2610627491
|c 2-1345.044
|l MZK
|r Sklad / do 1 hodiny
|n 6
|p p.v.
|w 001497879
|u 000010
|a 1
|e BOA001
|j MZK50
|s P
|